|
|
|
|
| LEADER |
01287nam a2200373Ia 4500 |
| 001 |
EBC308988 |
| 003 |
MiAaPQ |
| 005 |
20200520144314.0 |
| 006 |
m o d | |
| 007 |
cr cn||||||||| |
| 008 |
050813s2005 enka sb 000 0 eng d |
| 020 |
|
|
|z 9781854185525
|
| 020 |
|
|
|z 185418301X
|
| 020 |
|
|
|z 1854183958 (pbk.)
|
| 035 |
|
|
|a (MiAaPQ)EBC308988
|
| 035 |
|
|
|a (Au-PeEL)EBL308988
|
| 035 |
|
|
|a (CaPaEBR)ebr10088335
|
| 035 |
|
|
|a (OCoLC)70294043
|
| 040 |
|
|
|a MiAaPQ
|c MiAaPQ
|d MiAaPQ
|
| 050 |
|
4 |
|a HD30.28
|b .P35 2005
|
| 082 |
0 |
4 |
|a 658.4/012
|2 22
|
| 100 |
1 |
|
|a Paley, Norton.
|
| 245 |
1 |
0 |
|a Manage to win
|h [electronic resource] :
|b revitalize your business, wrong-foot your competitors /
|c Norton Paley.
|
| 246 |
3 |
|
|a Win
|
| 260 |
|
|
|a London :
|b Thorogood Pub. Ltd.,
|c c2005.
|
| 300 |
|
|
|a 430 p. :
|b ill.
|
| 504 |
|
|
|a Includes bibliographical references.
|
| 533 |
|
|
|a Electronic reproduction. Ann Arbor, MI : ProQuest, 2015. Available via World Wide Web. Access may be limited to ProQuest affiliated libraries.
|
| 650 |
|
0 |
|a Business planning.
|
| 650 |
|
0 |
|a Management.
|
| 650 |
|
0 |
|a Strategic planning.
|
| 655 |
|
4 |
|a Electronic books.
|
| 710 |
2 |
|
|a ProQuest (Firm)
|
| 856 |
4 |
0 |
|u https://ebookcentral.proquest.com/lib/matrademy/detail.action?docID=308988
|z Click to View
|